[Event "Montreal Mercredi 05"]
[Site "Montreal CAN"]
[Date "2008.05.28"]
[Round "3"]
[White "Levkovsky, Alexandre"]
[Black "Giroux, Robert"]
[Result "1-0"]
[WhiteElo "2156"]
[BlackElo "1984"]
[PlyCount "73"]
[GameId "2160767910354841"]
[EventDate "2008.05.14"]
[EventType "tourn"]
[EventRounds "5"]
[EventCountry "CAN"]
[SourceTitle "EXT 2011"]
[Source "ChessBase"]
[SourceDate "2011.11.26"]
[SourceVersion "1"]
[SourceVersionDate "2011.11.26"]
[SourceQuality "1"]

1. e4 c5 2. Nf3 Nc6 3. d4 cxd4 4. Nxd4 g6 5. Nxc6 bxc6 6. Qd4 Nf6 7. e5 Nd5 8. Bc4 Bg7 9. Bxd5 cxd5 10. O-O Qc7 11. Bf4 Bb7 12. Nc3 Qc4 13. Rfd1 Qxd4 14. Rxd4 Rc8 15. Rb4 Bc6 16. Rd1 f6 17. Nxd5 fxe5 18. Be3 e6 19. Nc3 a5 20. Rb6 O-O 21. Bc5 Rb8 22. Rxc6 dxc6 23. Bxf8 Bxf8 24. b3 c5 25. Ne4 a4 26. Kf1 axb3 27. cxb3 h6 28. Rd7 Bg7 29. Nxc5 Ra8 30. a4 Rc8 31. b4 Bf8 32. a5 Ra8 33. Rc7 h5 34. Ke2 Rb8 35. Rb7 Rxb7 36. Nxb7 Bxb4 37. a6 1-0

[Event "Montreal Mercredi 05"]
[Site "Montreal CAN"]
[Date "2008.05.28"]
[Round "3"]
[White "Millette, Sylvain"]
[Black "Gauthier, Luc"]
[Result "1/2-1/2"]
[WhiteElo "1630"]
[BlackElo "1724"]
[PlyCount "61"]
[GameId "2160767910354842"]
[EventDate "2008.05.14"]
[EventType "tourn"]
[EventRounds "5"]
[EventCountry "CAN"]
[SourceTitle "EXT 2011"]
[Source "ChessBase"]
[SourceDate "2011.11.26"]
[SourceVersion "1"]
[SourceVersionDate "2011.11.26"]
[SourceQuality "1"]

1. Nf3 d5 2. g3 Nc6 3. c4 d4 4. b3 e5 5. d3 Bb4+ 6. Bd2 a5 7. a4 Qe7 8. Bxb4 Nxb4 9. Bg2 Nf6 10. O-O O-O 11. e3 dxe3 12. fxe3 Ng4 13. Qe2 Nxe3 14. Qxe3 Nc2 15. Qxe5 Qxe5 16. Nxe5 Nxa1 17. Nd2 Nc2 18. Bd5 Be6 19. Bxb7 Rab8 20. Bc6 Nd4 21. Bd7 Rbd8 22. Bxe6 fxe6 23. Rxf8+ Rxf8 24. Nd7 Rf7 25. Nc5 Ne2+ 26. Kg2 Nc1 27. Nb7 Nxd3 28. Ne4 Ne1+ 29. Kg1 Nf3+ 30. Kg2 Ne1+ 31. Kg1 1/2-1/2

[Event "Montreal Mercredi 05"]
[Site "Montreal CAN"]
[Date "2008.05.28"]
[Round "3"]
[White "Neumark-Gaudet, Zev"]
[Black "Messier, Samuel"]
[Result "0-1"]
[WhiteElo "1526"]
[BlackElo "1596"]
[PlyCount "90"]
[GameId "2160767910354843"]
[EventDate "2008.05.14"]
[EventType "tourn"]
[EventRounds "5"]
[EventCountry "CAN"]
[SourceTitle "EXT 2011"]
[Source "ChessBase"]
[SourceDate "2011.11.26"]
[SourceVersion "1"]
[SourceVersionDate "2011.11.26"]
[SourceQuality "1"]

1. d4 Nf6 2. c4 e6 3. Nf3 b6 4. Nc3 Bb4 5. Bg5 Bb7 6. e3 c5 7. a3 Bxc3+ 8. bxc3 O-O 9. Be2 d6 10. O-O Nbd7 11. Rb1 h6 12. Bh4 Qc7 13. Bg3 Ne4 14. Qc2 Ndf6 15. Nd2 Nxd2 16. Qxd2 Ne4 17. Qe1 Rac8 18. f3 Nxg3 19. Qxg3 Ba6 20. e4 d5 21. Qxc7 Rxc7 22. exd5 exd5 23. Rfe1 cxd4 24. cxd5 Bxe2 25. Rxe2 dxc3 26. Rc2 Rd8 27. Rb3 Rxd5 28. Rbxc3 Rdc5 29. Rxc5 Rxc5 30. Rxc5 bxc5 31. Kf1 Kf8 32. Ke2 Ke7 33. Kd3 Kd6 34. Kc4 f5 35. h4 g5 36. g3 f4 37. hxg5 hxg5 38. g4 a6 39. a4 a5 40. Kb5 Kd5 41. Kxa5 Kc6 42. Ka6 c4 43. a5 c3 44. Ka7 c2 45. a6 c1=Q 0-1

[Event "Montreal Mercredi 05"]
[Site "Montreal CAN"]
[Date "2008.05.28"]
[Round "3"]
[White "Panayotov, Ivo"]
[Black "Sonko, Babacar"]
[Result "1-0"]
[WhiteElo "1933"]
[BlackElo "1810"]
[PlyCount "101"]
[GameId "2160767910354844"]
[EventDate "2008.05.14"]
[EventType "tourn"]
[EventRounds "5"]
[EventCountry "CAN"]
[SourceTitle "EXT 2011"]
[Source "ChessBase"]
[SourceDate "2011.11.26"]
[SourceVersion "1"]
[SourceVersionDate "2011.11.26"]
[SourceQuality "1"]

1. e4 c5 2. Nf3 Nc6 3. d4 cxd4 4. Nxd4 Nf6 5. Nc3 e5 6. Nf3 Be7 7. Bc4 h6 8. Qe2 d6 9. Be3 a6 10. h3 b5 11. Bd5 Qc7 12. a3 Rb8 13. O-O Nd8 14. Nd2 Ne6 15. Bb3 Bb7 16. f4 Nc5 17. Nd5 Nxd5 18. Bxd5 O-O 19. f5 Bxd5 20. exd5 Nd7 21. Ne4 Nf6 22. Nc3 Rfd8 23. Qd2 Qc4 24. Rf3 Kh7 25. Rf2 a5 26. Rf3 b4 27. axb4 axb4 28. Nd1 Nxd5 29. Ra5 Nf6 30. Ra7 Re8 31. c3 d5 32. Bf2 Ne4 33. Qc2 f6 34. Ne3 Qc5 35. Qa4 Nxf2 36. Ra5 Nxh3+ 37. Rxh3 Qb6 38. Ra6 Qb7 39. Ra7 Ra8 40. Rxb7 Rxa4 41. Nxd5 Ra7 42. Rxa7 Bc5+ 43. Kf1 Bxa7 44. Nxb4 Bc5 45. Nd5 Ra8 46. b4 Bf8 47. Ke2 Ra2+ 48. Kf3 Rd2 49. Ke4 Rxg2 50. Ne3 Rd2 51. Ng4 1-0

[Event "Montreal Mercredi 05"]
[Site "Montreal CAN"]
[Date "2008.05.28"]
[Round "3"]
[White "Poschmann, Jeremie"]
[Black "Morin, Louis"]
[Result "1-0"]
[WhiteElo "1799"]
[BlackElo "1881"]
[PlyCount "82"]
[GameId "2160767910354845"]
[EventDate "2008.05.14"]
[EventType "tourn"]
[EventRounds "5"]
[EventCountry "CAN"]
[SourceTitle "EXT 2011"]
[Source "ChessBase"]
[SourceDate "2011.11.26"]
[SourceVersion "1"]
[SourceVersionDate "2011.11.26"]
[SourceQuality "1"]

1. d4 e5 2. dxe5 Nc6 3. Nf3 Qe7 4. Qd5 f6 5. exf6 Nxf6 6. Qb3 d5 7. Bg5 Bd7 8. c3 O-O-O 9. e3 d4 10. Nxd4 Nxd4 11. cxd4 Bc6 12. Be2 Bxg2 13. Rg1 Bd5 14. Qa4 Kb8 15. Nc3 Be6 16. Qc2 h6 17. Bxf6 Qxf6 18. a3 g5 19. Ne4 Qf5 20. Bd3 Qa5+ 21. Qc3 Qxc3+ 22. Nxc3 Bd6 23. d5 Bd7 24. Rh1 Bh3 25. Bf1 Bxf1 26. Kxf1 Be5 27. e4 Rhf8 28. Ke2 Rf4 29. f3 g4 30. Raf1 Bxc3 31. bxc3 gxf3+ 32. Rxf3 Rxe4+ 33. Kd3 Rh4 34. c4 b6 35. h3 c6 36. Rf5 cxd5 37. Rxd5 Kc7 38. a4 Rxd5+ 39. cxd5 Kd6 40. Kc3 Rxa4 41. Re1 Ra3+ 1-0

[Event "Montreal Mercredi 05"]
[Site "Montreal CAN"]
[Date "2008.06.04"]
[Round "4"]
[White "Gauthier, Luc"]
[Black "Antoine, Vladimir"]
[Result "1/2-1/2"]
[WhiteElo "1724"]
[BlackElo "1636"]
[PlyCount "75"]
[GameId "2160767910354846"]
[EventDate "2008.05.14"]
[EventType "tourn"]
[EventRounds "5"]
[EventCountry "CAN"]
[SourceTitle "EXT 2011"]
[Source "ChessBase"]
[SourceDate "2011.11.26"]
[SourceVersion "1"]
[SourceVersionDate "2011.11.26"]
[SourceQuality "1"]

1. e4 e5 2. f4 Bc5 3. Nf3 d6 4. Nc3 Nc6 5. Bc4 Bg4 6. d3 Nf6 7. Na4 Qe7 8. Nxc5 dxc5 9. h3 Bxf3 10. Qxf3 O-O 11. O-O Nd4 12. Qf2 exf4 13. c3 Ne6 14. Bxf4 Nxf4 15. Qxf4 Nh5 16. Qf3 g6 17. Rae1 Rad8 18. e5 c6 19. Re4 Ng7 20. Qg3 Ne6 21. Rf6 b5 22. Bb3 c4 23. dxc4 Nc5 24. Rh4 Nxb3 25. Qg5 Qc5+ 26. Kh2 Rd1 27. Qh6 Qxe5+ 28. Rff4 Qg7 29. Qxg7+ Kxg7 30. axb3 Rd2 31. Rd4 Rxb2 32. cxb5 Rxb3 33. bxc6 Rxc3 34. Rd7 Rxc6 35. Rxa7 Rf6 36. Rd4 Rc8 37. Rad7 Rc2 38. Rd2 1/2-1/2

[Event "Montreal Mercredi 05"]
[Site "Montreal CAN"]
[Date "2008.06.04"]
[Round "4"]
[White "Germain, Max"]
[Black "Messier, Samuel"]
[Result "0-1"]
[WhiteElo "1557"]
[BlackElo "1596"]
[PlyCount "76"]
[GameId "2160767910354847"]
[EventDate "2008.05.14"]
[EventType "tourn"]
[EventRounds "5"]
[EventCountry "CAN"]
[SourceTitle "EXT 2011"]
[Source "ChessBase"]
[SourceDate "2011.11.26"]
[SourceVersion "1"]
[SourceVersionDate "2011.11.26"]
[SourceQuality "1"]

1. d4 Nf6 2. c4 e6 3. Nc3 Bb4 4. Qc2 c5 5. Nf3 b6 6. Bg5 Bb7 7. O-O-O Bxc3 8. Qxc3 Ne4 9. Bxd8 Nxc3 10. bxc3 Kxd8 11. Ne5 Ke7 12. d5 d6 13. Nf3 Nd7 14. e4 e5 15. Nd2 Nf6 16. Be2 Bc8 17. h3 h5 18. Rdf1 g5 19. f3 h4 20. Kc2 Nh5 21. Rb1 Nf4 22. Bf1 Bd7 23. Kb3 Rhb8 24. a4 a6 25. Ka3 b5 26. a5 f6 27. Nb3 b4+ 28. Kb2 Rb7 29. cxb4 Rxb4 30. Kc1 Rab8 31. Nd2 Rxb1+ 32. Nxb1 Rb4 33. Nc3 Ba4 34. Ne2 Rxc4+ 35. Kd2 Rc2+ 36. Ke3 Bb5 37. Ng3 hxg3 38. Bxb5 axb5 0-1

[Event "Montreal Mercredi 05"]
[Site "Montreal CAN"]
[Date "2008.06.04"]
[Round "4"]
[White "Giroux, Robert"]
[Black "Plante, Michel"]
[Result "1-0"]
[WhiteElo "1984"]
[BlackElo "2058"]
[PlyCount "65"]
[GameId "2160767910354848"]
[EventDate "2008.05.14"]
[EventType "tourn"]
[EventRounds "5"]
[EventCountry "CAN"]
[SourceTitle "EXT 2011"]
[Source "ChessBase"]
[SourceDate "2011.11.26"]
[SourceVersion "1"]
[SourceVersionDate "2011.11.26"]
[SourceQuality "1"]

1. e4 d6 2. d4 Nf6 3. Nc3 g6 4. Nf3 Bg7 5. h3 O-O 6. Be3 a6 7. a4 b6 8. e5 Nfd7 9. e6 fxe6 10. Bc4 Nf6 11. d5 e5 12. Ng5 Bd7 13. g4 Qe8 14. Nge4 Kh8 15. Ng3 e6 16. g5 Nxd5 17. Nxd5 exd5 18. Bxd5 Bc6 19. h4 Bxd5 20. Qxd5 Qc6 21. Qb3 Rf3 22. O-O-O Nd7 23. h5 Nc5 24. Qc4 Rf4 25. Bxf4 exf4 26. hxg6 d5 27. Rxh7+ Kg8 28. Rxd5 Qxg6 29. Rxg7+ Kxg7 30. Nf5+ Kh8 31. Qd4+ Kh7 32. Qxf4 Rf8 33. Qh4+ 1-0

[Event "Montreal Mercredi 05"]
[Site "Montreal CAN"]
[Date "2008.06.04"]
[Round "4"]
[White "Lamouche, Andre"]
[Black "Millette, Sylvain"]
[Result "0-1"]
[WhiteElo "1791"]
[BlackElo "1630"]
[PlyCount "58"]
[GameId "2160767910354849"]
[EventDate "2008.05.14"]
[EventType "tourn"]
[EventRounds "5"]
[EventCountry "CAN"]
[SourceTitle "EXT 2011"]
[Source "ChessBase"]
[SourceDate "2011.11.26"]
[SourceVersion "1"]
[SourceVersionDate "2011.11.26"]
[SourceQuality "1"]

1. e4 Nf6 2. e5 Nd5 3. Nf3 d6 4. c4 Nb6 5. d4 Bg4 6. exd6 exd6 7. Be2 Be7 8. O-O Bf6 9. Nc3 O-O 10. Ne4 Bxf3 11. Bxf3 Nc6 12. c5 dxc5 13. dxc5 Nc4 14. Qxd8 Raxd8 15. Nxf6+ gxf6 16. Bxc6 bxc6 17. Bh6 Rfe8 18. b3 Ne5 19. h3 Rd5 20. Rfe1 Re6 21. Rad1 Nd3 22. Re3 Rxe3 23. Bxe3 Kf8 24. a3 Ke7 25. Kf1 Ke6 26. b4 a6 27. Ke2 Ne5 28. Rc1 f5 29. f4 Nd7 0-1

[Event "Montreal Mercredi 05"]
[Site "Montreal CAN"]
[Date "2008.06.04"]
[Round "4"]
[White "Le Duin, Thierry"]
[Black "Forget, Luc"]
[Result "0-1"]
[WhiteElo "1999"]
[BlackElo "1969"]
[PlyCount "60"]
[GameId "2160767910354850"]
[EventDate "2008.05.14"]
[EventType "tourn"]
[EventRounds "5"]
[EventCountry "CAN"]
[SourceTitle "EXT 2011"]
[Source "ChessBase"]
[SourceDate "2011.11.26"]
[SourceVersion "1"]
[SourceVersionDate "2011.11.26"]
[SourceQuality "1"]

1. d4 Nf6 2. Nf3 e6 3. Bg5 c5 4. e3 Nc6 5. c3 Qb6 6. Qc2 d5 7. Nbd2 Bd7 8. Bd3 h6 9. Bh4 cxd4 10. exd4 Nh5 11. O-O g5 12. Bg3 Nxg3 13. fxg3 O-O-O 14. a4 Kb8 15. b4 Rc8 16. Qb3 g4 17. Nh4 Nxd4 18. cxd4 Qxd4+ 19. Kh1 Rc3 20. Qb2 Rxd3 21. Qxd4 Rxd4 22. Rxf7 Be8 23. Rf2 Bxb4 24. Nf1 Rf8 25. Re2 Bxa4 26. Rxe6 Rd1 27. Rxd1 Bxd1 28. Ne3 d4 29. Nef5 Bc2 30. Re5 d3 0-1

[Event "Montreal Mercredi 05"]
[Site "Montreal CAN"]
[Date "2008.06.04"]
[Round "4"]
[White "Lemieux, Serge"]
[Black "Dardoura, Khaled"]
[Result "0-1"]
[WhiteElo "1625"]
[BlackElo "1509"]
[PlyCount "62"]
[GameId "2160767910354851"]
[EventDate "2008.05.14"]
[EventType "tourn"]
[EventRounds "5"]
[EventCountry "CAN"]
[SourceTitle "EXT 2011"]
[Source "ChessBase"]
[SourceDate "2011.11.26"]
[SourceVersion "1"]
[SourceVersionDate "2011.11.26"]
[SourceQuality "1"]

1. d4 d5 2. c4 e6 3. Nf3 c5 4. Nc3 Nf6 5. Bg5 Be7 6. e3 Nc6 7. dxc5 Qa5 8. Nd2 Qxc5 9. Nb3 Qb6 10. Qc2 d4 11. Nxd4 Nxd4 12. exd4 Qxd4 13. Be3 Qe5 14. O-O-O Bc5 15. Bxc5 Qxc5 16. Bd3 Bd7 17. Ne4 Nxe4 18. Bxe4 Bc6 19. Rhe1 Bxe4 20. Rxe4 O-O 21. Rd3 Qg5+ 22. f4 Qf6 23. Rh3 g6 24. g4 Rad8 25. g5 Qf5 26. Rhe3 Rd6 27. Qf2 Rfd8 28. Re2 Qa5 29. Qf3 Qxa2 30. Qa3 Rd1+ 31. Kc2 Qb1+ 0-1

[Event "Montreal Mercredi 05"]
[Site "Montreal CAN"]
[Date "2008.06.04"]
[Round "4"]
[White "Levkovsky, Alexandre"]
[Black "Gauthier, Denis"]
[Result "1-0"]
[WhiteElo "2156"]
[BlackElo "1938"]
[PlyCount "55"]
[GameId "2160767910354852"]
[EventDate "2008.05.14"]
[EventType "tourn"]
[EventRounds "5"]
[EventCountry "CAN"]
[SourceTitle "EXT 2011"]
[Source "ChessBase"]
[SourceDate "2011.11.26"]
[SourceVersion "1"]
[SourceVersionDate "2011.11.26"]
[SourceQuality "1"]

1. e4 d6 2. d4 Nf6 3. Nc3 g6 4. Bg5 c6 5. Qd2 b5 6. f3 Bg7 7. Bh6 Bxh6 8. Qxh6 Qa5 9. Qd2 Nbd7 10. g4 h5 11. g5 Nh7 12. h4 O-O 13. Nh3 b4 14. Nd1 c5 15. Ne3 cxd4 16. Qxd4 Ne5 17. Kf2 Bb7 18. a3 Nc6 19. Qd2 Qc5 20. axb4 Nxb4 21. Nf4 e5 22. Nd3 Nxd3+ 23. Bxd3 d5 24. exd5 Rfd8 25. Ra5 Qd4 26. c3 Qf4 27. Qc2 Nf8 28. Ng2 1-0

[Event "Montreal Mercredi 05"]
[Site "Montreal CAN"]
[Date "2008.06.04"]
[Round "4"]
[White "Maharisoa, Tantely"]
[Black "Savard, Alain"]
[Result "0-1"]
[WhiteElo "1688"]
[BlackElo "1754"]
[PlyCount "70"]
[GameId "2160767910354853"]
[EventDate "2008.05.14"]
[EventType "tourn"]
[EventRounds "5"]
[EventCountry "CAN"]
[SourceTitle "EXT 2011"]
[Source "ChessBase"]
[SourceDate "2011.11.26"]
[SourceVersion "1"]
[SourceVersionDate "2011.11.26"]
[SourceQuality "1"]

1. d4 Nf6 2. c4 c5 3. e3 e6 4. Nf3 d5 5. Nc3 Nc6 6. Bd3 Nb4 7. Be2 dxc4 8. Bxc4 Nbd5 9. Ne5 Nb6 10. Be2 cxd4 11. exd4 Bd7 12. Bg5 Be7 13. O-O O-O 14. Rc1 Nfd5 15. Bxe7 Qxe7 16. Qd2 Rfd8 17. Rfe1 Be8 18. Ne4 f6 19. Nf3 Bc6 20. Nc5 Nc7 21. Rcd1 Rd6 22. Bd3 Rad8 23. Be4 Nbd5 24. a3 b6 25. Nd3 Ba4 26. Rc1 Nb5 27. Bxd5 Rxd5 28. Qb4 Qxb4 29. Nxb4 R5d6 30. h3 Kf7 31. Re3 Nxd4 32. Nxd4 Rxd4 33. Rc7+ R4d7 34. b3 Rxc7 35. bxa4 a5 0-1

[Event "Montreal Mercredi 05"]
[Site "Montreal CAN"]
[Date "2008.06.04"]
[Round "4"]
[White "Panayotov, Ivo"]
[Black "Katch, Gary"]
[Result "1-0"]
[WhiteElo "1933"]
[BlackElo "1795"]
[PlyCount "73"]
[GameId "2160767910354854"]
[EventDate "2008.05.14"]
[EventType "tourn"]
[EventRounds "5"]
[EventCountry "CAN"]
[SourceTitle "EXT 2011"]
[Source "ChessBase"]
[SourceDate "2011.11.26"]
[SourceVersion "1"]
[SourceVersionDate "2011.11.26"]
[SourceQuality "1"]

1. e4 d5 2. exd5 Nf6 3. d4 Nxd5 4. Nf3 Bg4 5. Be2 Nc6 6. O-O e6 7. c3 Qd7 8. b4 a6 9. a4 Bd6 10. Ne5 Bxe5 11. Bxg4 Bf6 12. Qb3 O-O 13. Ra2 Qd6 14. Nd2 e5 15. Bf3 Nde7 16. d5 Na7 17. Ne4 Qd8 18. c4 Nf5 19. Be3 Be7 20. Rd2 Nxe3 21. fxe3 f5 22. Nc3 Bg5 23. Nd1 Qe8 24. Rdf2 Rf6 25. Be2 f4 26. c5 Qd7 27. e4 Bh4 28. Rf3 Rg6 29. Rd3 Rf8 30. Nc3 Qf7 31. Bh5 Rxg2+ 32. Kxg2 Qxh5 33. Qd1 Qg5+ 34. Kh1 Qf6 35. Qg4 Kh8 36. d6 Rd8 37. Nd5 1-0

[Event "Montreal Mercredi 05"]
[Site "Montreal CAN"]
[Date "2008.06.04"]
[Round "4"]
[White "Pomerantz, Daniel"]
[Black "Poschmann, Jeremie"]
[Result "1-0"]
[WhiteElo "1871"]
[BlackElo "1799"]
[PlyCount "41"]
[GameId "2160767910354855"]
[EventDate "2008.05.14"]
[EventType "tourn"]
[EventRounds "5"]
[EventCountry "CAN"]
[SourceTitle "EXT 2011"]
[Source "ChessBase"]
[SourceDate "2011.11.26"]
[SourceVersion "1"]
[SourceVersionDate "2011.11.26"]
[SourceQuality "1"]

1. e4 c5 2. Nf3 d6 3. d4 cxd4 4. Nxd4 Nf6 5. Nc3 a6 6. Bg5 e6 7. f4 Be7 8. Qf3 Nbd7 9. O-O-O Qc7 10. g4 h6 11. Bxf6 Bxf6 12. Bh3 b5 13. g5 hxg5 14. Bxe6 fxe6 15. Nxe6 Qc6 16. Nd5 Bd8 17. fxg5 Bxg5+ 18. Nxg5 Ne5 19. Qg3 Qc4 20. Kb1 Ra7 21. Nb6 1-0

[Event "Montreal Mercredi 05"]
[Site "Montreal CAN"]
[Date "2008.06.04"]
[Round "4"]
[White "Sonko, Babacar"]
[Black "Morin, Louis"]
[Result "1/2-1/2"]
[WhiteElo "1810"]
[BlackElo "1881"]
[PlyCount "84"]
[GameId "2160767910354856"]
[EventDate "2008.05.14"]
[EventType "tourn"]
[EventRounds "5"]
[EventCountry "CAN"]
[SourceTitle "EXT 2011"]
[Source "ChessBase"]
[SourceDate "2011.11.26"]
[SourceVersion "1"]
[SourceVersionDate "2011.11.26"]
[SourceQuality "1"]

1. e4 c5 2. d4 cxd4 3. c3 dxc3 4. Nxc3 d6 5. Nf3 Nc6 6. Bc4 e6 7. Qe2 a6 8. O-O Bd7 9. Rd1 Be7 10. Be3 Nf6 11. Rac1 O-O 12. Nd4 Nxd4 13. Bxd4 e5 14. Be3 Rc8 15. Nd5 Nxd5 16. Bxd5 Bb5 17. Qd2 Bc6 18. Qb4 Bxd5 19. exd5 Rxc1 20. Rxc1 Qd7 21. Rc4 Rc8 22. Qc3 Rxc4 23. Qxc4 f5 24. Bb6 Kf7 25. h3 Bd8 26. Bxd8 Qxd8 27. b4 Ke8 28. a4 Kd7 29. Qc2 e4 30. Qc3 Qf6 31. Qxf6 gxf6 32. g3 Ke7 33. Kf1 f4 34. gxf4 f5 35. Kg2 Kf6 36. Kg3 b6 37. Kg2 Kg6 38. Kg3 Kh5 39. h4 h6 40. Kh3 Kg6 41. Kg3 Kh5 42. Kh3 Kg6 1/2-1/2

[Event "Montreal Mercredi 05"]
[Site "Montreal CAN"]
[Date "2008.06.11"]
[Round "5"]
[White "Antoine, Vladimir"]
[Black "Lamouche, Andre"]
[Result "0-1"]
[WhiteElo "1636"]
[BlackElo "1791"]
[PlyCount "38"]
[GameId "2160767910354857"]
[EventDate "2008.05.14"]
[EventType "tourn"]
[EventRounds "5"]
[EventCountry "CAN"]
[SourceTitle "EXT 2011"]
[Source "ChessBase"]
[SourceDate "2011.11.26"]
[SourceVersion "1"]
[SourceVersionDate "2011.11.26"]
[SourceQuality "1"]

1. e4 c5 2. Nc3 Nc6 3. g3 Nf6 4. Bg2 d6 5. d3 g6 6. h3 Bg7 7. Be3 O-O 8. f4 e6 9. Nf3 Bd7 10. O-O Rc8 11. g4 Qe7 12. Qd2 d5 13. exd5 Nxd5 14. Nxd5 exd5 15. d4 cxd4 16. Nxd4 Qxe3+ 17. Qxe3 Bxd4 18. Qxd4 Nxd4 19. c3 Nc2 0-1

[Event "Montreal Mercredi 05"]
[Site "Montreal CAN"]
[Date "2008.06.11"]
[Round "5"]
[White "Dardoura, Khaled"]
[Black "Germain, Max"]
[Result "0-1"]
[WhiteElo "1509"]
[BlackElo "1557"]
[PlyCount "108"]
[GameId "2160767910354858"]
[EventDate "2008.05.14"]
[EventType "tourn"]
[EventRounds "5"]
[EventCountry "CAN"]
[SourceTitle "EXT 2011"]
[Source "ChessBase"]
[SourceDate "2011.11.26"]
[SourceVersion "1"]
[SourceVersionDate "2011.11.26"]
[SourceQuality "1"]

1. d4 Nf6 2. c4 e6 3. Nc3 Bb4 4. Nf3 O-O 5. Bg5 d6 6. e3 b6 7. Bd3 Nbd7 8. Qb3 c5 9. O-O Bxc3 10. Qxc3 Qe8 11. Bf4 Qe7 12. h3 h6 13. Rad1 Ne8 14. Bb1 g5 15. Bh2 Bb7 16. d5 e5 17. Bf5 Bc8 18. Bg3 Ng7 19. Bc2 f5 20. Nd2 Nf6 21. f4 Nfh5 22. Bh2 gxf4 23. exf4 e4 24. Rde1 Qf6 25. Re3 Qd4 26. Kh1 Bd7 27. Rg1 Nf6 28. g4 h5 29. gxh5 Kh8 30. Rg5 Rf7 31. Bg1 Rg8 32. Reg3 Qxc3 33. bxc3 b5 34. Rg6 Nge8 35. Rxg8+ Nxg8 36. Be3 Rg7 37. Rg5 Ne7 38. cxb5 Nxd5 39. Nc4 Rxg5 40. fxg5 f4 41. Bd2 Bxb5 42. Nb2 e3 43. c4 exd2 44. cxd5 c4 45. Bd1 Kh7 46. Bc2+ Kh8 47. Nd1 Nc7 48. Nc3 Bd7 49. Kg2 a6 50. Kf3 Nb5 51. Nxb5 axb5 52. a3 Bf5 53. Bd1 c3 54. Kxf4 c2 0-1

[Event "Montreal Mercredi 05"]
[Site "Montreal CAN"]
[Date "2008.06.11"]
[Round "5"]
[White "Forget, Luc"]
[Black "Levkovsky, Alexandre"]
[Result "1/2-1/2"]
[WhiteElo "1969"]
[BlackElo "2156"]
[PlyCount "71"]
[GameId "2160767910354859"]
[EventDate "2008.05.14"]
[EventType "tourn"]
[EventRounds "5"]
[EventCountry "CAN"]
[SourceTitle "EXT 2011"]
[Source "ChessBase"]
[SourceDate "2011.11.26"]
[SourceVersion "1"]
[SourceVersionDate "2011.11.26"]
[SourceQuality "1"]

1. d4 Nf6 2. c4 e5 3. dxe5 Ng4 4. e3 Nxe5 5. Nh3 d6 6. Nf4 g5 7. Nd5 c6 8. Ndc3 Be6 9. Nd2 d5 10. cxd5 Bxd5 11. Nxd5 Qxd5 12. Qb3 Qxb3 13. Nxb3 Bb4+ 14. Bd2 Bxd2+ 15. Nxd2 h5 16. Nc4 Nxc4 17. Bxc4 Nd7 18. O-O-O Ne5 19. Be2 Rd8 20. h4 Rxd1+ 21. Kxd1 g4 22. Kd2 Ke7 23. Kc3 Rd8 24. Rd1 Rxd1 25. Bxd1 c5 26. f4 gxf3 27. Bxf3 Nxf3 28. gxf3 Kd6 29. Kc4 a6 30. a4 b6 31. b3 Kc6 32. e4 b5+ 33. axb5+ axb5+ 34. Kd3 Kd6 35. f4 f6 36. Kc3 1/2-1/2

[Event "Montreal Mercredi 05"]
[Site "Montreal CAN"]
[Date "2008.06.11"]
[Round "5"]
[White "Gauthier, Denis"]
[Black "Giroux, Robert"]
[Result "0-1"]
[WhiteElo "1938"]
[BlackElo "1984"]
[PlyCount "44"]
[GameId "2160767910354860"]
[EventDate "2008.05.14"]
[EventType "tourn"]
[EventRounds "5"]
[EventCountry "CAN"]
[SourceTitle "EXT 2011"]
[Source "ChessBase"]
[SourceDate "2011.11.26"]
[SourceVersion "1"]
[SourceVersionDate "2011.11.26"]
[SourceQuality "1"]

1. d4 d5 2. c4 dxc4 3. e4 Nc6 4. Be3 Nf6 5. Nc3 e5 6. d5 Na5 7. Nf3 Bd6 8. Nd2 Bd7 9. Nxc4 Nxc4 10. Bxc4 O-O 11. O-O a6 12. a4 Ng4 13. Bd2 Qh4 14. h3 f5 15. hxg4 fxg4 16. Qe2 Rf6 17. g3 Qh3 18. Rfe1 Bc5 19. Be3 Rh6 20. Bxh6 Qxg3+ 21. Kf1 Qh3+ 22. Kg1 g3 0-1

[Event "Montreal Mercredi 05"]
[Site "Montreal CAN"]
[Date "2008.06.11"]
[Round "5"]
[White "Katch, Gary"]
[Black "Sonko, Babacar"]
[Result "0-1"]
[WhiteElo "1795"]
[BlackElo "1810"]
[PlyCount "75"]
[GameId "2160767910354861"]
[EventDate "2008.05.14"]
[EventType "tourn"]
[EventRounds "5"]
[EventCountry "CAN"]
[SourceTitle "EXT 2011"]
[Source "ChessBase"]
[SourceDate "2011.11.26"]
[SourceVersion "1"]
[SourceVersionDate "2011.11.26"]
[SourceQuality "1"]

1. e4 c5 2. c3 Nc6 3. d4 cxd4 4. cxd4 e6 5. Nf3 Nf6 6. Bd3 d5 7. e5 Ne4 8. O-O Bb4 9. Qe2 O-O 10. Nbd2 Nxd2 11. Bxd2 Bxd2 12. Qxd2 Qb6 13. Rac1 h6 14. Rc3 Bd7 15. Rfc1 a6 16. h4 Kh8 17. Bb1 Rac8 18. Qd3 g6 19. Rb3 Qa7 20. h5 Kg7 21. hxg6 f5 22. exf6+ Rxf6 23. Qe3 Rcf8 24. Rd3 Be8 25. Ne5 Bxg6 26. Ng4 Bxd3 27. Qxd3 Rf5 28. Rc5 Qb8 29. Ne3 Qf4 30. Nxf5+ Rxf5 31. Qe3 Qxe3 32. fxe3 Rf7 33. a3 Kf6 34. Bd3 Rc7 35. Kf2 Kg5 36. Kf3 h5 37. b4 h4 38. e4 0-1

[Event "Montreal Mercredi 05"]
[Site "Montreal CAN"]
[Date "2008.06.11"]
[Round "5"]
[White "Messier, Samuel"]
[Black "Chesnut, Walter"]
[Result "1/2-1/2"]
[WhiteElo "1596"]
[BlackElo "1561"]
[PlyCount "106"]
[GameId "2160767910354862"]
[EventDate "2008.05.14"]
[EventType "tourn"]
[EventRounds "5"]
[EventCountry "CAN"]
[SourceTitle "EXT 2011"]
[Source "ChessBase"]
[SourceDate "2011.11.26"]
[SourceVersion "1"]
[SourceVersionDate "2011.11.26"]
[SourceQuality "1"]

1. e4 c5 2. Nf3 Nc6 3. d4 cxd4 4. Nxd4 Nf6 5. Nc3 e5 6. Ndb5 d6 7. Bg5 a6 8. Na3 b5 9. Nd5 Be7 10. Bxf6 Bxf6 11. c3 Bg5 12. Nc2 Be6 13. Be2 Ne7 14. Nce3 O-O 15. O-O Nxd5 16. Nxd5 f5 17. exf5 Bxf5 18. Bg4 Be4 19. Re1 Bxd5 20. Qxd5+ Kh8 21. Rad1 Be7 22. Bf3 Qb6 23. Qe6 Rae8 24. Qd5 Rd8 25. Re4 Rf6 26. a4 Rdf8 27. axb5 Qxb5 28. Qxb5 axb5 29. Rb4 d5 30. Rxb5 e4 31. Be2 Rxf2 32. Bf1 e3 33. Re1 Bd8 34. Be2 Bh4 35. Rxd5 Rxg2+ 36. Kxg2 Bxe1 37. Bf3 g6 38. Re5 Bd2 39. c4 Rc8 40. c5 Kg7 41. c6 Kf6 42. Rc5 Ke7 43. Rc4 Kd6 44. b4 Kc7 45. b5 Kb6 46. Be2 Kxb5 47. Rc2+ Kb6 48. Bf3 Rc7 49. Kf1 h5 50. Ke2 g5 51. h3 g4 52. hxg4 hxg4 53. Bxg4 Rxc6 1/2-1/2